Statistics for Singapore Circle Line (CCL) MRT Stations

Click here to take the quiz!

General Stats

  • This quiz has been taken 10 times
  • The average score is 24 of 30

Answers on the Map

Answers color-coded by a green-red scale on the quiz's map according to % correct below.
 

Answer Stats

AnswerHint% Correct
BishanCC15
100%
Botanic GardensCC19
100%
Buona VistaCC22
100%
HarbourFrontCC29
100%
Haw Par VillaCC25
100%
Holland VillageCC21
100%
Paya LebarCC9
100%
SerangoonCC13
100%
EsplanadeCC3
86%
Farrer RoadCC20
86%
Kent RidgeCC24
86%
Labrador ParkCC27
86%
Nicoll HighwayCC5
86%
one-northCC23
86%
Pasir PanjangCC26
86%
StadiumCC6
86%
Telok BlangahCC28
86%
CaldecottCC17
71%
DakotaCC8
71%
MarymountCC16
71%
PromenadeCC4
71%
BartleyCC12
57%
BayfrontCE1
57%
Dhoby GhautCC1
57%
Lorong ChuanCC14
57%
MacPhersonCC10
57%
Marina BayCE2
57%
MountbattenCC7
57%
Tai SengCC11
57%
Bras BasahCC2
43%

Score Distribution

Percentile by Number Answered

Percent of People with Each Score

Your Score History

You have not taken this quiz